Guess The Flag #2 - Statistics

General Stats
  • This quiz has been taken 28 times
  • The average score is 12 of 15
Answer Stats
Picture Answer % Correct
Lebanon
92%
Barbados
88%
South Korea
88%
Cuba
83%
Israel
83%
Kazakhstan
83%
Serbia
83%
Slovakia
83%
Slovenia
83%
Switzerland
83%
Azerbaijan
79%
Egypt
79%
Armenia
75%
Haiti
75%
Jordan
63%
No matching quizzes found
Score Distribution
Percent of People with Each Score
Percentile by Number Answered
Your Score History
You have not taken this quiz